Overcooked 2 Dishes - Statistics

General Stats
  • This quiz has been taken 33 times
  • The average score is 8 of 13
Answers on the Grid
Answers color-coded by a green-red scale on the quiz's grid according to % correct below.
Beans on Toast
Biscuits
Burger
Burrito
Cake
Chicken Tikka
Egg Fried Rice
Fish and Chips
Gnocchi
Jacket Potato
Pancakes
Pasta
Pie
Pizza
Popcorn
Salad
Salsa
Sashimi
Smoothies
Soup
Steamed Broccoli
Steamed Fish
Sushi
Tacos
Waffles
 
Answer Stats
Answer % Correct
Burger
82%
Sushi
77%
Pasta
68%
Pizza
68%
Salad
68%
Pancakes
64%
Burrito
59%
Steamed Fish
59%
Sashimi
55%
Fish and Chips
50%
Tacos
36%
Cake
32%
Soup
32%
No matching quizzes found
Score Distribution
Percent of People with Each Score
Percentile by Number Answered
Your Score History
You have not taken this quiz